000 00548nam a2200229Ia 4500
003 OSt
005 20220924152425.0
006 a|||||r|||| 00| 0
007 ta
008 220923b |||||||| |||| 00| 0 mar d
024 _a342504
037 _cTextual
040 _aARTS
_cARTS
_bmar
041 _2mar
_amar
082 _aV241:M5, 155C0
100 _aLittle Del
_9226669
245 0 _aKashmir
260 _c1890
650 _aHISTORY
942 _hV241:M5, 155C0
_cTEXL
_2CC
999 _c469821
_d469821